000 00990nam a22003017a 4500
001 5885
003 FISKH
005 20250130104454.0
008 250130b cb ||||| |||| 00| 0 eng d
020 _a9781575650883
040 _aFISKH
_beng
_cFISKH
_dFISKH
050 _aPZ7.R387 I
082 _a468.6
100 _aRichards, Kitty
_d(1861-)
245 _aIt's about time, Max! /
_cby Kitty Richards Illustrated by Gioia Fiammenghi
250 _aThis edition published in 2000
260 _aGioia :
_bThe Kane Press,
_c2000.
300 _a32 pages :
_bcolor illustrations ;
_c23 cm
505 _aL
520 _aWhen Max misplaces his digital watch, he replaces it with an analog watch that he does not know how to read and finds himself late for everything.
521 8 _a520
_bLexile
521 8 _aL
_bRaz-Plus
650 _2Living math
_aTime
650 _2Homeschool
_aCurriculum
700 _aFiammenghi, Gioia
_dillustrator
942 _2ddc
_cBK
_n0
999 _c5885
_d5885